000 00719nam a22002177a 4500
001 000045180
003 DO-SdBNP
005 20160531142759.0
008 160531b 2000 nyu xxu||||| |||| 00| 0 spa d
020 _a0201604310
040 _aBPMSU
_bspa
_cBPMSU
092 _aBPMSU
_bspa
_eBPMSU
100 1 _aHerrera Salazar, Mario
245 _aNew parade 5 /
_csenior authors, Mario Herrera, Theresa Zanatta ; consulting authors Anna Uhl Chamot, Carolyn Kessler writer Elizabeth Claire.
260 _aWhite Plains, NY :
_bLongman,
_c2000.
300 _av. :
_bil. ;
_c28 cm.
700 1 _aZanatta, Theresa
700 1 _aClaire, Elizabeth
942 _2ddc
_cBK
956 _2LOPEREZ
_310
_620160531
_8BPMSU
_a00041
999 _c10243
_d10243